| 000 | 00391cam a2200169 4500 | ||
|---|---|---|---|
| 001 | D12598 | ||
| 008 | 090401t1972 xxu||||| |||| 00| 0 eng d | ||
| 035 | _a(Sirsi) u4571 | ||
| 041 | _aeng | ||
| 100 | _aDavies, Keith | ||
| 245 | _aLaw of compulsory purchase and compensation | ||
| 260 |
_bButterworths _c1972 |
||
| 350 | _a0 | ||
| 520 | _aShelf 115 | ||
| 942 | _n0 | ||
| 948 | _c04/03/1997 | ||
| 999 |
_c86042 _d86042 |
||